Housing finance in India (Record no. 23042)

000 -LEADER
fixed length control field 00402pab a2200157 454500
008 - FIXED-LENGTH DATA ELEMENTS--GENERAL INFORMATION
fixed length control field 180718b xxu||||| |||| 00| 0 eng d
100 ## - MAIN ENTRY--PERSONAL NAME
Personal name Baswaraja, M.
245 ## - TITLE STATEMENT
Title Housing finance in India
650 ## - SUBJECT ADDED ENTRY--TOPICAL TERM
Topical term or geographic name entry element Shelter
650 ## - SUBJECT ADDED ENTRY--TOPICAL TERM
Topical term or geographic name entry element Housing
650 ## - SUBJECT ADDED ENTRY--TOPICAL TERM
Topical term or geographic name entry element Housing - Finance
650 ## - SUBJECT ADDED ENTRY--TOPICAL TERM
Topical term or geographic name entry element Housing - Finance - India
700 ## - ADDED ENTRY--PERSONAL NAME
Personal name Gowrappa, K.
773 ## - HOST ITEM ENTRY
Main entry heading Journal of Accounting and Finance
909 ## -
-- 23042
Holdings
Withdrawn status Lost status Damaged status Not for loan Permanent Location Current Location Date acquired Serial Enumeration / chronology Barcode Date last seen Price effective from Koha item type
        Indian Institute of Public Administration Indian Institute of Public Administration 2018-07-19 Issue no: 6(2) Fall 92, p.264-74 AR23111 2018-07-19 2018-07-19 Articles

Powered by Koha